[Event "Vojvodina-ch 3rd"]
[Site "Novi Sad"]
[Date "2012.07.01"]
[Round "4"]
[White "Kanjuh, Vladimir"]
[Black "Stojanovic, Andjelija"]
[Result "0-1"]
[WhiteElo "2120"]
[BlackElo "2293"]
[PlyCount "60"]
[EventDate "2012.06.29"]
[EventType "swiss"]
[EventRounds "9"]
[EventCountry "SRB"]
[SourceTitle "CBM 149 Extra"]
[Source "ChessBase"]
[SourceDate "2012.08.24"]
[SourceVersion "1"]
[SourceVersionDate "2012.08.24"]
[SourceQuality "1"]

1. d4 Nf6 2. Nf3 g6 3. g3 Bg7 4. Bg2 0-0 5. 0-0 d5 6. c4 dxc4 7. Na3 c3 8. bxc3 c5 9. Rb1 Nc6 10. Ne5 cxd4 11. Nxc6 bxc6 12. cxd4 Bf5 13. Rb7 Ne4 14. e3 Nd6 15. Rb3 Rc8 16. Bb2 Qa5 17. Bc3 Qa6 18. Bb2 c5 19. dxc5 Bxb2 20. cxd6 Bxa3 21. Bb7 Qxd6 22. Bxc8 Rxc8 23. Qf3 Bc2 24. Qb7 Rc4 25. Qa8+ Kg7 26. Rb8 Be4 27. Rg8+ Kf6 28. Qf8 Rc1 29. f3 Rxf1+ 30. Kxf1 Qd1+ 0-1

[Event "Vojvodina-ch 1st"]
[Site "Novi Sad"]
[Date "2010.07.26"]
[Round "2"]
[White "Pucovski, Miroslav"]
[Black "Kanjuh, Vladimir"]
[Result "1/2-1/2"]
[WhiteElo "2307"]
[BlackElo "2130"]
[PlyCount "49"]
[EventDate "2010.07.25"]
[EventType "swiss"]
[EventRounds "9"]
[EventCountry "YUG"]
[SourceTitle "CBM 137 Extra"]
[Source "ChessBase"]
[SourceDate "2010.09.01"]
[SourceVersion "1"]
[SourceVersionDate "2010.09.01"]
[SourceQuality "1"]

1. e4 d5 2. exd5 Nf6 3. Nf3 Nxd5 4. d4 g6 5. Be2 Bg7 6. 0-0 0-0 7. c3 c6 8. Re1 Bf5 9. Na3 Nd7 10. Nc4 a5 11. Nce5 Qc7 12. Bd3 Bxd3 13. Qxd3 Rad8 14. Qe4 N7f6 15. Qh4 c5 16. Bh6 cxd4 17. Bxg7 Kxg7 18. Nxd4 Qc8 19. Rad1 Nc7 20. Nef3 Rfe8 21. Re5 Qg4 22. Rde1 Ncd5 23. h3 Qxh4 24. Nxh4 e6 25. g3 1/2-1/2

[Event "Novi Sad op-B"]
[Site "Novi Sad"]
[Date "2008.04.07"]
[Round "2"]
[White "Stojkovic, Miroljub"]
[Black "Kanjuh, Vladimir"]
[Result "1-0"]
[WhiteElo "2248"]
[BlackElo "2072"]
[PlyCount "47"]
[EventDate "2008.04.06"]
[EventType "swiss"]
[EventRounds "9"]
[EventCountry "YUG"]
[SourceTitle "EXT 2011"]
[Source "ChessBase"]
[SourceDate "2010.11.26"]
[SourceVersion "1"]
[SourceVersionDate "2010.11.26"]
[SourceQuality "1"]

1. d4 d5 2. Nf3 Nf6 3. c4 c6 4. e3 e6 5. Nbd2 Nbd7 6. Bd3 Bd6 7. 0-0 0-0 8. e4 dxe4 9. Nxe4 Nxe4 10. Bxe4 Nf6 11. Bc2 h6 12. Qe2 Qc7 13. b3 c5 14. Bb2 b6 15. Rad1 cxd4 16. Bxd4 Be7 17. Be5 Qb7 18. Bxf6 gxf6 19. Qe3 Kg7 20. Be4 Qb8 21. Bxa8 Qxa8 22. Nd4 Rg8 23. Nf5+ Kf8 24. Qxh6+ 1-0

[Event "Zupanja op-B 2nd"]
[Site "Zupanja"]
[Date "2008.01.07"]
[Round "7"]
[White "Kanjuh, Vladimir"]
[Black "Kljako, Damir"]
[Result "1/2-1/2"]
[WhiteElo "2075"]
[BlackElo "2170"]
[PlyCount "42"]
[EventDate "2008.01.03"]
[EventType "swiss"]
[EventRounds "9"]
[EventCountry "CRO"]
[SourceTitle "CBM 122 Extra"]
[Source "ChessBase"]
[SourceDate "2008.03.04"]
[SourceVersion "1"]
[SourceVersionDate "2008.03.04"]
[SourceQuality "1"]

1. d4 g6 2. Nf3 Bg7 3. g3 d6 4. c4 Nf6 5. Nc3 0-0 6. Bg2 Nbd7 7. 0-0 e5 8. e3 c6 9. b3 Re8 10. Bb2 a6 11. Rc1 e4 12. Nd2 d5 13. cxd5 cxd5 14. Na4 Nb8 15. Ba3 Nc6 16. Bc5 Nd7 17. f3 Nxc5 18. dxc5 exf3 19. Qxf3 Be6 20. Nb6 Ne5 21. Qe2 Rb8 1/2-1/2

[Event "Novi Sad Vujovic Memorial"]
[Site "Novi Sad"]
[Date "2007.09.27"]
[Round "5"]
[White "Milenkovic, Mladen"]
[Black "Kanjuh, Vladimir"]
[Result "1/2-1/2"]
[WhiteElo "2307"]
[BlackElo "2070"]
[PlyCount "96"]
[EventDate "2007.09.26"]
[EventType "swiss"]
[EventRounds "9"]
[EventCountry "YUG"]
[SourceTitle "EXT 2008"]
[Source "ChessBase"]
[SourceDate "2007.11.25"]
[SourceVersion "1"]
[SourceVersionDate "2007.11.25"]
[SourceQuality "1"]

1. c4 c6 2. e4 d5 3. exd5 cxd5 4. d4 Nf6 5. Nc3 Nc6 6. Bf4 a6 7. c5 g6 8. Nf3 Bg4 9. Be2 Bg7 10. h3 Bxf3 11. Bxf3 0-0 12. 0-0 e6 13. Qd2 Nd7 14. Bd6 Nxd4 15. Bxf8 Nxf3+ 16. gxf3 Qxf8 17. b4 Ne5 18. Kg2 Nc4 19. Qc1 Qe7 20. Rb1 Bxc3 21. Qxc3 Qg5+ 22. Kh1 Nd2 23. Qc1 h6 24. a4 Nxb1 25. Qxb1 Qf5 26. Qxf5 gxf5 27. f4 a5 28. b5 Rc8 29. Rc1 Kf8 30. Kg2 f6 31. Kf3 d4 32. Ke2 e5 33. Kd3 Rd8 34. c6 e4+ 35. Kd2 bxc6 36. Rxc6 Ke7 37. Ra6 d3 38. Rxa5 Rc8 39. Ra6 Rc2+ 40. Ke1 Re2+ 41. Kf1 Rb2 42. Ke1 Kf7 43. b6 Re2+ 44. Kf1 Rb2 45. Ke1 Re2+ 46. Kf1 Rb2 47. Ke1 Re2+ 48. Kf1 Rb2 1/2-1/2

[Event "Novi Sad Vujovic Memorial"]
[Site "Novi Sad"]
[Date "2007.09.26"]
[Round "4"]
[White "Kanjuh, Vladimir"]
[Black "Drazic, Sinisa"]
[Result "0-1"]
[WhiteElo "2070"]
[BlackElo "2480"]
[PlyCount "58"]
[EventDate "2007.09.26"]
[EventType "swiss"]
[EventRounds "9"]
[EventCountry "YUG"]
[SourceTitle "EXT 2008"]
[Source "ChessBase"]
[SourceDate "2007.11.25"]
[SourceVersion "1"]
[SourceVersionDate "2007.11.25"]
[SourceQuality "1"]

1. d4 Nf6 2. Nf3 g6 3. g3 Bg7 4. Bg2 Rg8 5. 0-0 c5 6. c4 Nc6 7. d5 Na5 8. Qd3 d6 9. Nc3 a6 10. e4 e5 11. Nh4 Ng4 12. h3 Nh6 13. Nf3 Rb8 14. Nd2 b5 15. b3 f5 16. cxb5 axb5 17. Nxb5 fxe4 18. Nxe4 Ba6 19. a4 Nf5 20. Bg5 Qb6 21. Be3 Bxb5 22. axb5 Qxb5 23. Qc3 Nxb3 24. Rab1 Qb4 25. Qc2 c4 26. Bd2 Qa4 27. Bc3 Qa3 28. Ng5 Nfd4 29. Qe4 Nc5 0-1

[Event "Novi Sad Vujovic Memorial"]
[Site "Novi Sad"]
[Date "2007.09.24"]
[Round "2"]
[White "Kanjuh, Vladimir"]
[Black "Tesic, Dragan"]
[Result "0-1"]
[WhiteElo "2070"]
[BlackElo "2402"]
[PlyCount "68"]
[EventDate "2007.09.26"]
[EventType "swiss"]
[EventRounds "9"]
[EventCountry "YUG"]
[SourceTitle "EXT 2008"]
[Source "ChessBase"]
[SourceDate "2007.11.25"]
[SourceVersion "1"]
[SourceVersionDate "2007.11.25"]
[SourceQuality "1"]

1. d4 Nf6 2. Nf3 g6 3. g3 d5 4. Bg2 Bg7 5. c4 0-0 6. 0-0 dxc4 7. Ne5 Ng4 8. Nxg4 Bxg4 9. Bxb7 Nd7 10. Bxa8 Qxa8 11. f3 Bh3 12. Re1 Rd8 13. e4 Nc5 14. Be3 Nd3 15. Re2 c5 16. d5 Nxb2 17. Qc2 Nd3 18. Nc3 Rb8 19. Bc1 Bd4+ 20. Kh1 Bf1 21. Re3 Rb6 22. Rb1 Bxc3 23. Rxb6 axb6 24. Qxc3 Qxa2 25. Bd2 Bh3 26. Kg1 b5 27. Rxd3 Qb1+ 28. Kf2 Qf1+ 29. Ke3 Qg1+ 30. Kf4 f6 31. g4 Qxh2+ 32. Ke3 Bf1 33. Bc1 Bxd3 34. g5 Qg1+ 0-1

[Event "Belgrade Ada op"]
[Site "Belgrade"]
[Date "2005.08.18"]
[Round "4"]
[White "Kanjuh, Vladimir"]
[Black "Jakovljevic, Zivota"]
[Result "1/2-1/2"]
[WhiteElo "2073"]
[BlackElo "2211"]
[PlyCount "44"]
[EventDate "2005.08.15"]
[EventType "swiss"]
[EventRounds "9"]
[EventCountry "YUG"]
[SourceTitle "CBM 107 Extra"]
[Source "ChessBase"]
[SourceDate "2005.09.01"]
[SourceVersion "1"]
[SourceVersionDate "2005.09.01"]
[SourceQuality "1"]

1. d4 d5 2. Nf3 Nf6 3. c4 e6 4. Nc3 Nbd7 5. Bg5 c6 6. e3 Bb4 7. Qc2 Qa5 8. Nd2 dxc4 9. Bxf6 Nxf6 10. Bxc4 0-0 11. 0-0 Nd5 12. Nce4 Be7 13. Nf3 Qd8 14. Ng3 b5 15. Bd3 Nb4 16. Bxh7+ Kh8 17. Qb1 g6 18. Bxg6 fxg6 19. Qxg6 Bf6 20. Qh6+ Kg8 21. Qg6+ Kh8 22. Qh6+ Kg8 1/2-1/2

[Event "Belgrade Ada op"]
[Site "Belgrade"]
[Date "2005.08.16"]
[Round "2"]
[White "Kanjuh, Vladimir"]
[Black "Aksentijevic, Malisa"]
[Result "0-1"]
[WhiteElo "2073"]
[BlackElo "2226"]
[PlyCount "46"]
[EventDate "2005.08.15"]
[EventType "swiss"]
[EventRounds "9"]
[EventCountry "YUG"]
[SourceTitle "CBM 107 Extra"]
[Source "ChessBase"]
[SourceDate "2005.09.01"]
[SourceVersion "1"]
[SourceVersionDate "2005.09.01"]
[SourceQuality "1"]

1. d4 d5 2. Nf3 Nf6 3. c4 dxc4 4. Nc3 e6 5. e4 Bb4 6. e5 Nd5 7. Qc2 Nb6 8. Bg5 Be7 9. Be3 Nc6 10. Be2 Nb4 11. Qe4 Bd7 12. 0-0 h5 13. Qf4 Bc6 14. Nd2 g5 15. Qg3 g4 16. Nxc4 Bh4 17. Qf4 N4d5 18. Nxd5 Qxd5 19. Bf3 Qxc4 20. Rfc1 Qb5 21. Bxc6+ bxc6 22. Rc5 Qd3 23. g3 Be7 0-1